Open Data Biblioteca Nacional de Portugal


República Portuguesa: Ministério da Cultura
Biblioteca Nacional de Portugal

Catálogo da BNP: acesso por Identificadores Unívocos
Registos Bibliográficos associados ao registo de autoridade

Etiqueta de registo: 00000nkm 2200025 450
001 2256603
003 http://id.bnportugal.gov.pt/bib/catbnp/2256603
100 ## $a20260129d1989 m y0pory01030103ba
101 0# $apor
102 ## $aPT
200 1# $aSemana da Juventude, Encontro de Teatro e Dança, Teatro Municipal de Almada, 8 a 16 de abril 1989$bVisual gráfico]$fCâmara Municipal de Almada
210 #9 $aAlmada$cCâmara Municipal de Almada,$d1989$e[Almada] :$gGráfica Santo Amaro )
215 ## $a1 cartaz$ccolor.$d63,5x45,5 cm
317 ## $aColeção Madeira Luís
675 ## $a766(=1:469)"1989"(084.5)$vBN$zpor$31802165
710 02 $aSemana da Juventude,$eAlmada,$f1989$31982156
711 01 $aAlmada.$bCâmara Municipal$3715
801 #0 $aPT$bBN$gRPC
966 ## $lBN$mICONOG$sCT. 18347 A.$x3
971 ## $cCaticonografia7$d20260129
995 ## $aPRR2026 $d20260129$iCaticonografia7

OpendataBNP@bnportugal.pt | Mais informação sobre acesso aos dados BNP